|
|
|
|
| LEADER |
01765nam a22003614a 4500 |
| 001 |
30045 |
| 003 |
BD-DhAAL |
| 005 |
20151018095255.0 |
| 008 |
151018s2003 maua b 001 0 eng |
| 010 |
|
|
|a 2003014328
|
| 020 |
|
|
|a 1578518520 (alk. paper)
|
| 020 |
|
|
|a 9781578518524
|
| 040 |
|
|
|a DLC
|c DLC
|d DLC
|d WaU
|d BD-DhAAL
|
| 042 |
|
|
|a pcc
|
| 050 |
0 |
0 |
|a HD53
|b .C493 2003
|
| 082 |
0 |
0 |
|a 658.4063
|2 21
|
| 100 |
1 |
|
|a Christensen, Clayton M.
|9 15503
|
| 245 |
1 |
4 |
|a The innovator's solution :
|b creating and sustaining successful growth /
|c Clayton M. Christensen, Michael E. Raynor.
|
| 260 |
|
|
|a Boston, Mass. :
|b Harvard Business School Press,
|c c2003.
|
| 300 |
|
|
|a x, 304 p. :
|b ill. ;
|c 25 cm.
|
| 504 |
|
|
|a Includes bibliographical references and index.
|
| 505 |
0 |
|
|a How to succeed at the mandate to grow -- How can we beat our most powerful competitors? -- What products will customers want to buy? -- Who are the best customers for our products? -- Getting the scope of the business right -- How to avoid commoditization -- Is your organization capable of disruptive growth? -- Managing the strategy development process -- There is good money, and there is bad money.
|
| 541 |
|
|
|e 30045
|
| 650 |
|
0 |
|a Creative ability in business.
|9 15504
|
| 650 |
|
0 |
|a Industrial management.
|9 15505
|
| 650 |
|
0 |
|a Customer services.
|9 1699
|
| 650 |
|
0 |
|a Success in business.
|9 15506
|
| 650 |
|
0 |
|a Disruptive technologies.
|9 15507
|
| 700 |
1 |
|
|a Raynor, Michael E.
|9 15508
|
| 856 |
4 |
1 |
|3 Table of contents
|u http://www.loc.gov/catdir/toc/ecip045/2003014328.html
|
| 942 |
|
|
|2 ddc
|c BK
|
| 999 |
|
|
|c 35819
|d 35819
|
| 952 |
|
|
|0 0
|1 0
|2 ddc
|4 0
|6 658_406300000000000_CHR
|7 0
|9 56347
|a CED
|b CED
|c GEN
|d 2015-10-18
|e R K Corporation
|g 2000.00
|l 0
|o 658.4063 CHR
|p 3010030045
|r 2015-10-18
|t 1
|w 2015-10-18
|y BK
|